000 00406cam a2200145ua 4500
999 _c15385
_d15385
020 _a978-93-85880-62-9
082 _a621.374
_bNAK/IN
100 _aNakra, B C .
_92003
245 _aInstrumentation measurement and analysis /
250 _a4 /
260 _aNew Delhi :
_bTata Mc-Graw Hill Publishing Company ,
_c2017
300 _a24.33, B.2, I.7
700 1 _aChaudhry, K K .
_92004
942 _cBBS